Teoretické problémy organizačnej výstavby podnikových ekonomických komplexov v priemysle kandidátska dizertačná práca

Saved in:
Bibliographic Details
Main Author: Pavlíková, Mária
Corporate Author: Vysoká škola ekonomická v Bratislave. Národohospodárska fakulta
Other Authors: Přívara, Jan
Format: Book
Language:Slovak
Published: Bratislava 1983
Tags: Add Tag
No Tags, Be the first to tag this record!

MARC

LEADER 00000nam a2200000 4500
001 c033530
005 20230116123217.6
041 0 |a slo 
044 |a SK 
245 1 0 |a Teoretické problémy organizačnej výstavby podnikových ekonomických komplexov v priemysle  |b kandidátska dizertačná práca  |c Mária Pavlíková ; ved. práce Jan Přívara 
264 1 |a Bratislava  |c 1983 
300 |a 170 s. 
100 1 |a Pavlíková, Mária 
700 1 |a Přívara, Jan 
710 2 |a Vysoká škola ekonomická v Bratislave. Národohospodárska fakulta